| 000 | 00745nam a2200241 i 4500 | ||
|---|---|---|---|
| 001 | bg | ||
| 100 | 1 | _aHAN, Jiawei | |
| 245 | 1 | 0 |
_aData mining : _bconcepts and techniques / _cJiawei Han, Micheline Kamber. |
| 260 |
_aSan Francisco [etc.] : _bAcademic Press, _ccop.2001. |
||
| 300 |
_aXXIV, 550 s. : _brys., wykr. ; _c24 cm. |
||
| 490 | 1 | _aThe Morgan Kaufman Series in Data Management Systems | |
| 504 | _aBibliogr. s. 501-531. - Indeks. | ||
| 650 | 9 | _aBaza danych | |
| 700 | 1 | _aKAMBER, Micheline | |
| 830 | _aThe Morgan Kaufman Series in Data Management Systems | ||
| 020 | _a1558604898 | ||
| 040 | _cBPK | ||
| 041 | 0 | _aen | |
| 080 | _a004.6 | ||
| 920 | _a1-55860-489-8 | ||
| 942 | _cKS | ||
| 008 | s pl f |000 0 pol | ||
| 999 |
_c38216 _d38216 |
||
| 856 |
_uhttp://koha.tu.koszalin.pl/cgi-bin/koha/opac-detail.pl?biblionumber=38216 _yKatalog online BPK |
||